Key Figures - Nazi Germany - Statistics

General Stats
  • This quiz has been taken 184 times
  • The average score is 9 of 16
Answer Stats
Picture Answer % Correct
Adolf Hitler
100%
Heinrich Himmler
92%
Hermann Göring
87%
Joseph Goebbels
87%
Rudolf Hess
70%
Erwin Rommel
69%
Adolf Eichmann
56%
Reinhard Heydrich
53%
Joseph Mengele
47%
Martin Bormann
46%
Albert Speer
44%
Karl Dönitz
42%
Ernst Röhm
40%
Wilhelm Keitel
30%
Baldur von Schirach
10%
Hjalmar Schacht
9%
No matching quizzes found
Score Distribution
Percent of People with Each Score
Percentile by Number Answered
Your Score History
You have not taken this quiz